Particpación política paritaria: De qué estamos hablando? /

Uloženo v:
Podrobná bibliografie
Hlavní autor: Mora Mora, Alejandra
Médium: Text
Tagy: Přidat tag
Žádné tagy, Buďte první, kdo vytvoří štítek k tomuto záznamu!

MARC

LEADER 00000 a a2200000 04500
001 44067
003
040
100 |a Mora Mora, Alejandra  
245 |a Particpación política paritaria:   |b De qué estamos hablando? /  |c Alejandra Mora Mora  
773 |g número9 ( , 2009), páginas 23-28; fotografías  
999 |c 27175  |d 27175